01157 2200205 4500001002100000005001500021008004100036035002000077082000800097084001400105100001900119245004000138250000600178260003800184300001200222520068300234650001000917990001200927990001200939INLIS00000000000092620240603075239240603 1 ind  a0010-0524000161 a813 a813 ULI i aNurviana, Ulin1 aI Hope You Love Me /cUlin Nurviana a1 aYogyakarta :bSheila/ Andi,c2014 a218 hlm aViona, sosok gadis yang bijak dan penuh ketulusan ini berusaha membangun setiap bongkah kesabaran yang kian mencair dalam dirinya. Dalam berbagai keadaan ia tetap berharap datangnya cinta untuknya. Ia yakin, walaupun terkadang keyakinannya mencair karena kekecewaan yang sering ia alami. Viona adalah anak penjual ikan sekaligus seorang mahasiswa universitas Muhammadiyah Malang. Ia memiliki sahabat bernama Rena yang super pupuler di kalangan lelaki, sampai kepopuleran itu membuat para lelaki memanfaatkan Viona untuk menggali informasi mengenai Rena. Bagi Viona tidak masalah dimanfaatkan oleh para lelaki itu, tapi dua lelaki yang pernah Viona suka pun memanfaatkan dirinya. 4aFiksi a0741606 a0741607